Pottery : 20 mindful makes to reconnect head, heart & hands

Bibliographic Details
Main Author: Davidson, Lucy
Other Authors: Title
Format: Book
Published: United Kingdom : Leaping Hare Press , 2021
Subjects:

MARC

LEADER 00000cam a2200000 7i4500
001 0000088194
005 20230125115905.0
008 220324
020 |a 9780711257436 
041 0 |a English 
090 0 0 |a 738.14   |b DAV 
100 1 |a Davidson, Lucy 
245 1 0 |a Pottery :   |b 20 mindful makes to reconnect head, heart & hands   |c Lucy Davidson 
260 |a United Kingdom :   |b Leaping Hare Press ,   |c 2021 
300 |a 143 p. :   |b ill., col. ;   |c 19.5 cm. 
541 |c Purchased on 2021   |f E210247 EKM   |h RM53.20 
650 0 |a Decoration and ornament 
650 0 |a Pottery craft 
700 0 |a Title 
999 |a 0001681267   |b Book   |c Adult Collection   |e Perbadanan Perpustakaan Awam Johor